Propos sur ésotérisme et symbole /

محفوظ في:

المؤلف الرئيسي: Schwaller de Lubicz, R. A (مؤلف)

التنسيق: كتاب

اللغة: French

منشور في: Paris : Dervy, 1977.

سلاسل: Collection Mystiques et religions.

الموضوعات:

الوسوم: إضافة وسم

لا توجد وسوم, كن أول من يضع وسما على هذه التسجيلة!

رقم الطلب: BF1439 .S38 1977

LEADER 00600namaa2200217 4500
003 OSt
005 20250916124730.0
008 130303s1977 fr 000 0 fre d
020 |a 2850760447 
040 |c ARCE Library 
050 4 |a BF1439 .S38 1977 
100 1 |a Schwaller de Lubicz, R. A,  |e author 
245 1 0 |a Propos sur ésotérisme et symbole /  |c R. A. Schwaller de Lubicz. 
264 1 |a Paris :  |b Dervy,  |c 1977. 
300 |a 94 pages ;  |c 17 cm. 
490 0 |a Collection Mystiques et religions. 
650 0 |a Occultism. 
650 0 |a Symbolism. 
901 |a reviewed 
942 |c BK  |2 lcc 
999 |c 1477  |d 1477